| 000 | 01048cam a22003011 4500 | ||
|---|---|---|---|
| 999 |
_c17675 _d17675 |
||
| 001 | 14291287 | ||
| 003 | ASL | ||
| 005 | 20231015025624.0 | ||
| 008 | 060308s1957 enkbc b 000 0 eng | ||
| 010 | _a 58000769 | ||
| 040 |
_aDLC _cASL _dASL |
||
| 050 | 0 | 0 |
_aHN683 _b.B3 |
| 082 |
_a303.454803 _bBAS |
||
| 100 | 1 | _aBallhatchet, Kenneth. [from old catalog] | |
| 245 | 1 | 0 | _aSocial policy and social change in western India, 1817-1830. |
| 260 |
_aLondon: _aNew York: _bOxford University Press, _c1957. |
||
| 300 |
_avii, 335 p. _bport., maps (part fold.) _c23 cm. |
||
| 490 | 0 |
_aLondon oriental series, _vv. 5 |
|
| 500 | _aAn outgrowth of the author's thesis, University of London. | ||
| 504 | _aBibliography: p. [321]-325. | ||
| 600 | 0 | 0 |
_aElphinstone, _cHon. Mountstuart, _d1779-1859. [from old catalog] |
| 650 | 0 | _aMaratha (Indic people) | |
| 651 | 0 |
_aIndia _xSocial conditions. |
|
| 906 |
_a0 _bibc _cpremunv _d3 _encip _f19 _gy-gencatlg |
||
| 942 |
_2ddc _cBK |
||